000 00742nam a2200217Ia 4500
003 GCL
008 140319s9999 xx 000 0 ara d
040 _aGCL /
_cGCL
082 0 4 _a342.02
_bع ح
100 1 _aعلى الباز
245 1 0 _aالحقوق والحريات والواجبات العامة فى دساتير دول مجلس التعاون الخليجى مع مقارنة بالدستور المصرى /
_cعلى الباز
260 _a[S.N] :
_bدار الجامعات المصرية
300 _a222
490 _a
650 0 4 _aمصر
650 0 4 _aالعالم العربى
650 0 4 _aالدستور
650 0 4 _aالحقوق الدستورية
650 0 4 _aالحريات العامة
942 _2ddc
_cBK
999 _c31568
_d31568